| 000 | 00574nam a22001697a 4500 | ||
|---|---|---|---|
| 003 | NUST | ||
| 038 | _aNusrat Nadeem | ||
| 082 | _a200 | ||
| 100 |
_aAta Khan, Munezza _9123359 |
||
| 245 |
_aMagneto-Photonic Sensor Integrated in Hydrogel for Real Time Management of Burn Injuries/ _cMunezza Ata Khan, |
||
| 264 |
_aIslamabad; _bSCME NUST; _c2020; |
||
| 300 |
_a174,p; _bill; _c30,cm. |
||
| 650 |
_aPhD-Materials Engineering _9123162 |
||
| 700 |
_aSupervisor : Prof. M. Mujahid _9123360 |
||
| 856 | _u http://10.250.8.41:8080/xmlui/handle/123456789/20428 | ||
| 942 |
_2ddc _cTHE |
||
| 999 |
_c609575 _d609575 |
||